|
|
|
|
| LEADER |
00000nam0a2200000 4500 |
| 001 |
33605 |
| 005 |
20231030215136.0 |
| 035 |
|
|
|a (RuTPU)RU\TPU\book\33960
|
| 035 |
|
|
|a BOOK00000611
|
| 090 |
|
|
|a 33605
|
| 100 |
|
|
|a 20011210d1980 km y0rusy50 ca
|
| 101 |
0 |
|
|a rus
|
| 102 |
|
|
|a RU
|
| 105 |
|
|
|a y z 000zy
|
| 200 |
1 |
|
|a Переходные процессы в машинах переменного тока
|f А. И. Важнов
|
| 210 |
|
|
|a Ленинград
|c Энергия
|d 1980
|
| 215 |
|
|
|a 256 с.
|
| 330 |
|
|
|a В книге приведены дифференциальные уравнения машин переменного тока в форме А. А. Горева и в операторной форме Р. Парка. На их основе дано решение некоторых практических задач, важных как для расчета машин, так и для обеспечения их нормальной работы в системе переменного тока. Рассмотрены динамические свойства машин при малых и значительных возмущениях установившегося режима работы. Книга предназначена для инженеров и научных сотрудников, работающих в области электромашиностроения и электроэнергетики. Она может быть также полезна студентам и аспирантам вузов.
|
| 610 |
1 |
|
|a электрические машины
|
| 610 |
1 |
|
|a машины переменного тока
|
| 610 |
1 |
|
|a переходные процессы
|
| 610 |
1 |
|
|a дифференциальные уравнения
|
| 610 |
1 |
|
|a задачи
|
| 610 |
1 |
|
|a расчеты
|
| 675 |
|
|
|a 621.313.3
|v 3
|
| 700 |
|
1 |
|a Важнов
|b А. И.
|g Александр Иванович
|
| 801 |
|
0 |
|a RU
|b 63413507
|c 20011210
|g PSBO
|
| 801 |
|
2 |
|a RU
|b 63413507
|c 20201107
|g PSBO
|
| 900 |
|
|
|a Электрические машины
|
| 900 |
|
|
|a Специальный курс электрических машин
|
| 942 |
|
|
|c BK
|